000 00351nam a22001337a 4500
003 1
005 20241223114845.0
008 241223b xxu||||| |||| 00| 0 eng d
020 _a9786214056040
245 _aSRA Reading laboratory 1a:
_banswer key/
260 _aQuezon City:
_bAbiva Publishing Inc.;
_c2024
300 _a20 p.
_c22 cm
942 _2ddc
_cBK
999 _c366821
_d366821